রাজশাহী মহানগরীর কথা / (Record no. 38696)
[ view plain ]
| 000 -LEADER | |
|---|---|
| fixed length control field | 01007cam a2200277 a 4500 |
| 001 - CONTROL NUMBER | |
| control field | 38696 |
| 003 - CONTROL NUMBER IDENTIFIER | |
| rucl marc code | BD-RjUL |
| 005 - DATE AND TIME OF LATEST TRANSACTION | |
| control field | 20211209052837.0 |
| 008 - FIXED-LENGTH DATA ELEMENTS--GENERAL INFORMATION | |
| fixed length control field | 160209s2004 bg a b 000 0 beno |
| 020 ## - INTERNATIONAL STANDARD BOOK NUMBER | |
| International Standard Book Number | 984321661X |
| 035 ## - SYSTEM CONTROL NUMBER | |
| System control number | (BD-RjUL)38805 |
| 040 ## - CATALOGING SOURCE | |
| Original cataloging agency | DLC |
| Transcribing agency | DLC |
| Modifying agency | DLC |
| -- | BD-RjUL |
| Language of cataloging | ben |
| 041 ## - LANGUAGE CODE | |
| Language code of text/sound track or separate title | ben |
| 082 ## - DEWEY DECIMAL CLASSIFICATION NUMBER | |
| Edition number | 22 |
| Classification number | 954.924 |
| Author mark and year | ANR 2004 |
| 100 1# - MAIN ENTRY--PERSONAL NAME | |
| Personal name | আনা, আনারুল হক |
| 9 (RLIN) | 119388 |
| 245 10 - TITLE STATEMENT | |
| Title | রাজশাহী মহানগরীর কথা / |
| Statement of responsibility, etc. | আনারুল হক আনা. |
| 250 ## - EDITION STATEMENT | |
| Edition statement | ১ম সং. |
| 260 ## - PUBLICATION, DISTRIBUTION, ETC. (IMPRINT) | |
| Place of publication, distribution, etc. | রাজশাহী : |
| Name of publisher, distributor, etc. | আনিকা-আস-আদ প্রকাশনী, |
| Date of publication, distribution, etc. | ২০০৪. |
| 300 ## - PHYSICAL DESCRIPTION | |
| Pagination | ২৯৭ পৃ : |
| Illustrations | চিত্র ; |
| Size | ২৩ সেমি. |
| 504 ## - BIBLIOGRAPHY, ETC. NOTE | |
| Bibliography, etc | Includes bibliographical references (p. 292-297). |
| 520 ## - SUMMARY, ETC. | |
| Summary, etc. | History of the city of Rājshāhi, Bangladesh. |
| 651 #0 - SUBJECT ADDED ENTRY--GEOGRAPHIC NAME | |
| Geographic name | Rājshāhi (Bangladesh) |
| General subdivision | History. |
| 9 (RLIN) | 117734 |
| 942 ## - ADDED ENTRY ELEMENTS (KOHA) | |
| Source of classification or shelving scheme | Dewey Decimal Classification |
| Koha item type | Books |
| Lost status | Source of classification or shelving scheme | Damaged status | Not for loan | Permanent Location | Current Location | Shelving location | Date acquired | Cost, normal purchase price | Total Checkouts | Full call number | Date last seen | Date checked out | Copy number | Koha item type | Collection code | Source of acquisition | Total Renewals |
|---|---|---|---|---|---|---|---|---|---|---|---|---|---|---|---|---|---|
| Dewey Decimal Classification | Central Library, University of Rajshahi | Central Library, University of Rajshahi | 20/03/2005 | 300.00 | 1 | B 954.924 ANR 2004 | 05/09/2016 | 23/02/2016 | C-2 | Books | |||||||
| Dewey Decimal Classification | Central Library, University of Rajshahi | Central Library, University of Rajshahi | 23/03/2005 | 300.00 | 6 | B 954.924 ANR 2004 | 04/06/2018 | 31/01/2018 | C-3 | Books | Non-fiction | Rajshahi, Anika Prokasoni | 1 | ||||
| Dewey Decimal Classification | Not For Loan | Central Library, University of Rajshahi | Central Library, University of Rajshahi | Reading Room | 20/03/2005 | 300.00 | B 954.924 ANR 2004 | 23/02/2017 | C-1 | Books | Non-fiction | Anika asad prokasoni, Rajshahi | |||||
| Dewey Decimal Classification | Central Library, University of Rajshahi | Central Library, University of Rajshahi | 20/03/2005 | 300.00 | B 954.924 ANR 2004 | 30/12/2019 | C-4 | Books | Non-fiction | Anika-As-Add Prokashani, Rajshahi | |||||||
| Dewey Decimal Classification | Central Library, University of Rajshahi | Central Library, University of Rajshahi | General Stacks | 30/07/2005 | B 954.924 ANR 2004 | 02/06/2024 | C-5 | Books | Non-fiction |